1404 1243 1714 1974 1229 1472 1456 1010 1848 1079 1495 1517 1644 1729 1750 1873 1041 1795 1843 1984 1054 1183 1349 1845 1461 1373 1430 1835 1558 1944 1792 1461 1932 1588 1023 1847 1027 1589 1223 1574 1357 1640 1837 1861 1038 1702 1620 1663 1418 1326 1824 1519 1202 1227 1541 1109 1748 1685 1223 1980 1349 1091 1844 1520 1005 1702 1018 1680 1328 1646 1709 1767 1505 1041 1997 1990 1702 1313 1835 1807 1680 1670 1730 1920 1257 1927 1322 1423 1145 1555 1485 1486 1625 1732 1634 1301 1046 1013 1320 BCNSPRNW ULIB Ver.6.0+V

เปลี่ยนเป็นภาษาไทย

Change to English
 แสดงรายละเอียดบรรณานุกรม
  กลับหน้าหลัก

Brief Record : Get Marc (ISO 2709) : E-mail record : QR code < ปิดหน้าต่าง
LEADER : 00000nam 2200000uu 4500
001    13399123620
003     ULIB
008    141020s2546||||th 000 0 tha d
099    วจ.LB1028.5ศ315ผ
100 0  ศรีสุดา เอกลัคนารัตน์ และธนัชฌา ภัยพยบ
245 00 ผลของการทบทวนด้วยบทเรียนคอมพิวเตอร์ช่วยสอน เรื่องการพยาบาลทารกแรกเกิดที่มีภาวะตัวเหลือง/^cศรีสุดา เอกลัคนารัตน์ และธนัชฌา ภัยพยบ
260    นครสวรรค์ :^blวิทยาลัยพยาบาลบรมราชชนนี สวรรค์ประชารักษ์ นครสวรรค์^c2546
650  0 การพยาบาลทารกแรกเกิดที่มีภาวะตัวเหลือง
945    ^p0^l0^i015859
999    ^aเกษร โพธิ์สุวรรณ
รายการนี้ยังไม่มีแท็ก
คุณยังไม่ได้ล็อกอิน คุณสามารถมีกิจกรรมร่วมกับเว็บไซต์ได้ แต่ต้องล็อกอินก่อน ::
  ล็อกอิน

รายการสื่อสารสนเทศ

ลำดับที่ ประเภท เลขเรียก/บาร์โค้ด สถานที่ สถานะ
1. งานวิจัย
งานวิจัย
วจ.LB1028.5ศ315ผ ฉ.1 
  Barcode: 015859
ห้องสมุดวิทยาเขตสวรรค์ประชารักษ์
►วิจัย
บนชั้น

รายการใกล้เคียง
    ผู้แต่ง [ศรีสุดา เอกลัคนารัตน์ และธนัชฌา ภัยพยบ]

    หัวเรื่อง [การพยาบาลทารกแรกเกิดที่มีภาวะตัวเหลือง]

BibComment


ยังไม่เคยถูกคอมเมนท์

คอมเมนท์ทรัพยากรรายการนี้
  คอมเมนท์: ผลของการทบทวนด้วย..


 Copyright 2026. Bcnsprnw @Library